The gaines of Nepal.

Bibliographic Details
Corporate Authors: Smithsonian/Folkways Recordings, Folkways Records
Format: CD Audio
Language:Nepali
Published: [Washington, D.C.] : Smithsonian Folkways, [2001]
Series:Custom compact disc series.
Subjects:

MARC

Tag First Indicator Second Indicator Subfields
LEADER 00000cjm a2200000Ia 4500
001 in00002241908
005 20151104204551.0
007 sd fungnn||||u
008 021031r20011982dcufmn nep d
028 0 0 |a FE 4078  |b Smithsonian Folkways 
028 0 0 |a F-4078  |b Smithsonian Folkways 
035 |a (OCoLC)ocm50908134 
035 |a (OCoLC)50908134 
040 |a EYM  |c EYM  |d OCLCQ  |d TXA  |d UtOrBLW 
041 0 |a nep  |e nep  |g eng 
043 |a a-np--- 
049 |a TXAM 
090 |a M1824.N5  |b G35 2001 
245 0 4 |a The gaines of Nepal. 
264 1 |a [Washington, D.C.] :  |b Smithsonian Folkways,  |c [2001] 
264 4 |c ℗2001 
300 |a 1 sound disc :  |b digital ;  |c 4 3/4 in. 
336 |a performed music  |b prm  |2 rdacontent 
337 |a audio  |b s  |2 rdamedia 
338 |a audio disc  |b sd  |2 rdacarrier 
490 1 |a Custom compact disc series 
500 |a Smithsonian Folkways: FE 4078 (on container: F-4078). 
500 |a Traditional Nepali songs and ballads ; with sarangi and mahdal acc. 
518 |a Recorded in central Nepal and in Khatmandu, Sept. 15, 1980 - June 21, 1981. 
500 |a Previously released in 1982 as analog recording (Folkways FE 4078). 
500 |a Compact disc. 
500 |a Program notes (4 pages : ill.) in container. 
505 0 |a Chhori mareko / sung by Gothe Gaine (15:20) -- Begging song / sung by Lal Gaine et al. (5:00) -- Bahini, Namaskar / sung by Chabi Lal Gaine and Lal Bahadur Gaine (3:00) -- A shastri (no title) / sung by Garbhe Gaine (12:10) -- A shastri (no title) / sung by Garbhe Gaine (4:20). 
500 |a Sound recording. 
650 0 |a Music  |z Nepal. 
650 0 |a Ballads, Nepali  |z Nepal. 
650 0 |a Songs, Nepali  |z Nepal. 
650 0 |a Songs with sarangi. 
710 2 |a Smithsonian/Folkways Recordings. 
710 2 |a Folkways Records. 
830 0 |a Custom compact disc series. 
994 |a C0  |b TXA 
948 |a cataloged  |b h  |c 2007/5/15  |d c  |e bhartsfi  |f 2:18:10 pm 
999 |a MARS 
999 f f |s 2f54413f-f216-39ea-a152-4181fdafd723  |i 2037228c-c9b4-348d-9375-51eb3b641822  |t 0 
952 f f |p ric  |a Texas A&M University  |b Rellis Campus  |c Joint Library Facility  |d Remote Storage  |t 0  |e M1824.N5 G35 2001  |h Library of Congress classification  |i audio -- audio disc  |m A14835814782 
998 f f |a M1824.N5 G35 2001  |t 0  |l Remote Storage